Self-directed learning / (Record no. 1571)

000 -LEADER
fixed length control field 01036nam a220032501 4500
003 - CONTROL NUMBER IDENTIFIER
control field OCoLC
005 - DATE AND TIME OF LATEST TRANSACTION
control field 20210629055438.0
008 - FIXED-LENGTH DATA ELEMENTS--GENERAL INFORMATION
fixed length control field 920428s1991 nyu b 001 eng l
020 ## - INTERNATIONAL STANDARD BOOK NUMBER
International Standard Book Number 0893974072 (Nichols/GP)
020 ## - INTERNATIONAL STANDARD BOOK NUMBER
International Standard Book Number 0749402997 (Kogan Page)
040 ## - CATALOGING SOURCE
Transcribing agency ALUPE UNIVERSITY
050 ## - LIBRARY OF CONGRESS CALL NUMBER
Classification number LC5225
Item number .L42H36 1991
100 1# - MAIN ENTRY--PERSONAL NAME
Personal name Hammond, Merryl.
245 10 - TITLE STATEMENT
Title Self-directed learning /
Statement of responsibility, etc. Merryl Hammond and Rob Collins.
260 ## - PUBLICATION, DISTRIBUTION, ETC.
Place of publication, distribution, etc. East Brunswick, N.J. :
Name of publisher, distributor, etc. Nichols/GP Pub. ;
Place of publication, distribution, etc. London :
Name of publisher, distributor, etc. Kogan Page,
Date of publication, distribution, etc. c1991.
300 ## - PHYSICAL DESCRIPTION
Extent 250 p. ;
Dimensions 24 cm.
500 ## - GENERAL NOTE
General note Adaptation of author's thesis (Ph.D.)--University of Witwatersrand, South Africa.
504 ## - BIBLIOGRAPHY, ETC. NOTE
Bibliography, etc. note Includes bibliographical references.
650 #0 - SUBJECT ADDED ENTRY--TOPICAL TERM
Topical term or geographic name entry element Adult learning.
650 #0 - SUBJECT ADDED ENTRY--TOPICAL TERM
Topical term or geographic name entry element Critical thinking.
650 #0 - SUBJECT ADDED ENTRY--TOPICAL TERM
Topical term or geographic name entry element Individualized instruction.
650 #0 - SUBJECT ADDED ENTRY--TOPICAL TERM
Topical term or geographic name entry element Learning
General subdivision Evaluation.
700 1# - ADDED ENTRY--PERSONAL NAME
Personal name Collins, Rob.
907 ## - LOCAL DATA ELEMENT G, LDG (RLIN)
a .b17223453
942 ## - ADDED ENTRY ELEMENTS (KOHA)
Source of classification or shelving scheme
Koha item type Book
Suppress in OPAC JE
Holdings
Withdrawn status Lost status Source of classification or shelving scheme Damaged status Not for loan Permanent Location Current Location Shelving location Date acquired Total Checkouts Full call number Barcode Date last seen Price effective from Koha item type Public note
          AU LIBRARY AU LIBRARY Open Shelf 29.06.2021   LC5225 .L42H36 1991 28000387 29.06.2021 29.06.2021 Book JE

Powered by Koha